000
00364nam a22001577a 4500
003
MPLRDC
005
20220104125520.0
008
210129b ||||| |||| 00| 0 eng d
082
_a
913.4 XCYW
100
_a
不详
245
_a
圣歌专集
_c
260
_a
_b
协成印务公司
_c
300
_b
平
650
_a
各种宗教歌曲
942
_c
BK
_o
913.4 XCYW
999
_c
27964
_d
27954